Obytný súbor COLOR PARK- Bytový dom 1 (SO-BD01) Žilina, \\Monolitická železobetónová kombinovaná konštrukcia so stužujúcimi jadrami
Enregistré dans:
| Auteur principal: | |
|---|---|
| Autres auteurs: | |
| Format: | Manuscrit Livre |
| Langue: | slovaque |
| Publié: |
2020
|
| Sujets: | |
| Accès en ligne: | http://is.stuba.sk/zp/portal_zp.pl?podrobnosti=151102 https://opac.crzp.sk/?fn=detailBiblioForm&sid=F0D9EA643ED4040319ED101BE0B8 |
| Tags: |
Pas de tags, Soyez le premier à ajouter un tag!
|
MARC
| LEADER | 00000ntm a22000003a 4500 | ||
|---|---|---|---|
| 001 | stuzp80054 | ||
| 003 | SK-STU | ||
| 005 | 20230522102244.1 | ||
| 007 | ta | ||
| 008 | 150427s2015----xo-----f-mn---000-0-slo-d | ||
| 040 | |a STU |b slo | ||
| 041 | 0 | |a slo | |
| 100 | 1 | |a Ondák, Adrián |u 010110 |4 aut |U SvF Stavebná fakulta |T SvF Katedra betónových konštrukcií a mostov |X 75887 |U V110 |Y 11 |7 75887 | |
| 242 | 0 | 1 | |a Residential House - COLOR PARK - Žilina |y eng |
| 245 | 1 | 0 | |a Obytný súbor COLOR PARK- Bytový dom 1 (SO-BD01) Žilina, \\Monolitická železobetónová kombinovaná konštrukcia so stužujúcimi jadrami |
| 260 | |c 2020 | ||
| 650 | 4 | |a bytový dom |2 slo | |
| 650 | 4 | |a monolitická ŽB stavba |2 slo | |
| 650 | 4 | |a analýza |2 slo | |
| 650 | 4 | |a objekt |2 slo | |
| 650 | 4 | |a priečna stena |2 slo | |
| 650 | 4 | |a stropná doska |2 slo | |
| 650 | 4 | |a projekt na realizáciu stavby (RPD) |2 slo | |
| 650 | 4 | |a analysis |2 eng | |
| 650 | 4 | |a project for building realisation |2 eng | |
| 650 | 4 | |a building |2 eng | |
| 650 | 4 | |a apartment building |2 eng | |
| 650 | 4 | |a ceiling slab |2 eng | |
| 650 | 4 | |a transverse wall |2 eng | |
| 650 | 4 | |a monolithic reinforced concrete construction |2 eng | |
| 700 | 1 | |a Abrahoim, Iyad |u 010110 |k Z8 |4 ths |U SvF Stavebná fakulta |T SvF Katedra betónových konštrukcií a mostov |X 981 |U V110 |Y 11 |7 A000000981 | |
| 856 | 4 | |u http://is.stuba.sk/zp/portal_zp.pl?podrobnosti=151102 | |
| 856 | 4 | |u https://opac.crzp.sk/?fn=detailBiblioForm&sid=F0D9EA643ED4040319ED101BE0B8 | |